Kozmopolitizm (Record no. 934)

MARC details
000 -BAŞLIK
Sabit Uzunlukta Kontrol Alanı 00888na a2200277 4500
001 - KONTROL NUMARASI
Denetim Alanı 12581
003 - KONTROL NUMARASI IDENTIFIER
Denetim Alanı MIRAKIL
005 - SON İŞLEM TARİHİ VE ZAMANI
Denetim Alanı 20181213154806.0
008 - SABİT-BOY VERİ ELEMANLARI - GENEL BİLGİLER
Sabit Uzunlukta Kontrol Alanı 160828b tu 000 0
020 ## - ULUSLARARASI STANDART KİTAP NUMARASI
Uluslararası Standart Kitap Numarası 9789757051596
040 ## - KATALOGLAMA KAYNAK
Orijinal Kataloglama Ajansı Milas
Kataloglama Dili tur
Metne Dönüştürmek Ajansı TR-AnCHP
082 ## - DEWEY ONLU SINIFLANDIRMA NUMARASI
Sınıflandırma Numarası 172
Ürün Numarası A66k 2007
090 ## - SINIFLAMA NUMARASI
Sınıflama Numarası 172 A66k 2007
100 ## - ANA GİRİŞ - KİŞİSEL İSİM
Kişisel Ad Appiah, Kwame Anthony
245 ## - BAŞLIK TABLOSU
Başlık Kozmopolitizm
Başlığın Kalan Yeni küresel ahlak
Sorumluluk Tablosu, Vb Kwame Anthony Appiah ; Çeviren Fezal Gülfidan ; Yayıma hazırlayan Zülfü Dicleli.
246 ## - UNVAN FORM VARYING
Başlık Doğru / Kısa Başlığı Yeni küresel ahlak
260 ## - YAYIN, DAĞITIM, VB
Yayın, Dağıtım, Vb Yeri İstanbul
Yayıncı, Dağıtıcı, Vs Adı Türk Henkel Yayınları
Yayın, Dağıtım, Vb Tarihi 2007
300 ## - FİZİKSEL TANIM
Kapsam 199 s.
Boyutlar 24 sm.
490 ## - SERİSİ TABLOSU
Seri Beyanı Türk Henkel yayınları
Hacim / Ardışık Tanımı 23
500 ## - GENEL NOT
Genel Not Özgün yapıt adı: Cosmopolitanism : ethics in a world of strangers
650 ## - KONU KATMA GİRİŞ - TOPİKAL DÖNEM
Topikal Süreli Veya Coğrafi Ad Giriş Elemanı Siyasal etik
650 ## - KONU KATMA GİRİŞ - TOPİKAL DÖNEM
Topikal Süreli Veya Coğrafi Ad Giriş Elemanı Evrenselcilik
Genel Alt Bölümü Etik
700 ## - KATMA GİRİŞ - KİŞİSEL İSİM
Kişisel Ad Dicleli, Zülfü
700 ## - KATMA GİRİŞ - KİŞİSEL İSİM
Kişisel Ad Gülfidan, Fezal
942 ## - EKLENDİ GİRİŞ ELEMANLARI (KOHA)
Sınıflandırma Veya Raf Düzeni Kaynak Dewey Decimal Classification
Koha Öğesi Türü Books
999 ## - SİSTEM KONTROL NUMARALARI (KOHA)
Koha Biblionumber 934
Koha Biblioitemnumber 934
Holdings
Kalıcı Konum Mevcut Konum Edinme Tarihi Edinim Kaynak Toplam Check-Out'Lar Tam Çağrı Numarası Barkod Tarih Son Görülme İtibaren Geçerli Fiyatlar Koha Öğesi Türü
CHP Kütüphanesi CHP Kütüphanesi 07/26/2016 Bağış   172 A66k 2007 000120 07/26/2016 07/26/2016 Books